The Galilean gospel. (Record no. 5040)

000 -LEADER
fixed length control field 00552nam a2200181 a 4500
001 - CONTROL NUMBER
control field :::00002781$&:&@@
003 - CONTROL NUMBER IDENTIFIER
control field OkBaRHE
005 - DATE AND TIME OF LATEST TRANSACTION
control field 20000607103257.0
008 - FIXED-LENGTH DATA ELEMENTS--GENERAL INFORMATION
fixed length control field j 000 0 eng u
040 ## - CATALOGING SOURCE
Transcribing agency
100 1# - MAIN ENTRY--PERSONAL NAME
Personal name Bruce, Alexander Balman, 1831-1899.
245 14 - TITLE STATEMENT
Title The Galilean gospel.
260 ## - PUBLICATION, DISTRIBUTION, ETC. (IMPRINT)
Place of publication, distribution, etc Cincinnati, OH., :
Name of publisher, distributor, etc Curts & Jennings
Date of publication, distribution, etc cnd
300 ## - PHYSICAL DESCRIPTION
Extent 232 p. ;
Dimensions 19 cm.
650 ## - SUBJECT ADDED ENTRY--TOPICAL TERM
Topical term or geographic name as entry element Jesus Christ
General subdivision Teachings
942 ## - ADDED ENTRY ELEMENTS (KOHA)
Source of classification or shelving scheme
Koha item type Books
Copies
Source of classification or shelving scheme Date checked out Not for loan Koha item type Permanent Location Total Checkouts Barcode Shelving location Withdrawn status Date last seen Current Location Date acquired Price effective from Copy number Lost status Full call number Damaged status
 2015-03-02 BooksRHEMA Bible Training College12781General Stacks 2018-03-16RHEMA Bible Training College2010-04-142010-04-141 BS 2417 .B677